000 00903nmm a2200265 a 4500
001 ocm0001732468
003 TR-IsHL
005 20201028171126.0
008 180221s2018 tu eng
007 cr cn
020 _a9786052259207
035 _a1732468
_b(N$T)
050 0 4 _aPR4149.B957
_bB52 2018
090 0 4 _aPR4149.B957
_bB52 2018
100 1 _aBoothby, Guy Newell
245 1 0 _aDr. Nikola's experiment
_h[electronic resource] /
_cGuy Newell Boothby
260 _aİstanbul :
_be-Kitap Projesi & Cheapest Books,
_c2018
300 _a187 p.
650 4 _aDil ve Edebiyat
650 4 _aLanguage and Literature
650 0 _aOxford popüler roman
650 0 _aOxford popular fiction
650 7 _aLITERARY COLLECTIONS / European / English, Irish, Scottish, Welsh
_2bisacsh
856 4 0 _uhttp://search.ebscohost.com/login.aspx?direct=true&scope=site&db=e011xww&AN=1732468
999 _c16623
_d16623